Spanish Autonomous Community Capitals Quiz - Statistics

General Stats
  • This quiz has been taken 29 times
    22 since last reset
  • The average score is 14 of 17
Answer Stats
Hint Answer % Correct
Catalonia Barcelona
100%
Community of Madrid Madrid
100%
Andalusia Sevilla
100%
Valencian community Valencia
100%
Castilla la Mancha Toledo
89%
la Rioja Logroño
78%
Extremadura Merida
78%
Murcia Murcia
78%
Balearic Islands Palma
78%
Navarre Pamplona
78%
Cantabria Santander
78%
Galicia Santiago de Compostela
78%
Aragon Zaragoza
78%
Canary Islands Las Palmas
67%
Asturias Oviedo
67%
Castille and leon Valladolid
67%
Basque Country Vitoria-Gasteiz
56%
No matching quizzes found
Score Distribution
Percent of People with Each Score
Percentile by Number Answered
Your Score History
You have not taken this quiz since the last reset